000 00689nam a2200193 a 4500
005 20140311163035.0
008 110104s19uu xx 00 eng d
020 _a9781890627331
050 _aRJ 506.D68
_b.C68 2007
100 _aCouwenhoven, Terri
245 _aTeaching children with down syndrome about their bodies, boundaries and sexuality :
_ba guide for parents and professionals /
_cTerri Couwenhoven
260 _aUSA :
_bWoodbine House,
_c2007.
300 _a331 p. :
_bill. ;
_c29 cm.
521 _aEDU
650 _aDown syndrome-Patients-Sexual behavior.
650 _aSexual instruction for children with mental disabilities.
942 _cBK
_2lcc
_kFOR
999 _c39667
_d39667